[Event "28.Schlosspark-Open"]
[Site "Wiesbaden-Biebrich"]
[Date "2016.08.26"]
[Round "3.1"]
[White "Khenkin, Igor"]
[Black "Rolle, Eric"]
[Result "1-0"]
[WhiteElo "2553"]
[BlackElo "2200"]
[PlyCount "59"]
[EventDate "2016.??.??"]
[WhiteTeam "SG Porz"]
[BlackTeam "SK Marburg"]

1. d4 Nf6 2. c4 e6 3. Nf3 Bb4+ 4. Nbd2 O-O 5. a3 Be7 6. e4 d5 7. e5 Ne4 8. Qc2
f5 9. exf6 Nxf6 10. Bd3 c5 11. dxc5 Bxc5 12. cxd5 Qxd5 13. Ne4 Nbd7 14. O-O Qh5
15. Nfg5 Bb6 16. Nxe6 Nxe4 17. Bxe4 Re8 18. Nf4 Qh4 19. g3 Qf6 20. Bxh7+ Kh8
21. Bg6 Re5 22. Bd2 Rg5 23. Be4 Ne5 24. Kg2 Ng4 25. h4 Rc5 26. Bc3 Qh6 27. Ng6+
Kg8 28. Qb3+ Kh7 29. Ne5+ g6 30. Qf7+ 1-0

[Event "28.Schlosspark-Open"]
[Site "Wiesbaden-Biebrich"]
[Date "2016.08.26"]
[Round "3.2"]
[White "Minor, Samuel"]
[Black "Ikonnikov, Vyacheslav"]
[Result "1/2-1/2"]
[WhiteElo "2189"]
[BlackElo "2536"]
[PlyCount "90"]
[EventDate "2016.??.??"]
[WhiteTeam "Wiesbadener SV"]
[BlackTeam "SF Bad Mergentheim"]

1. e4 g6 2. d4 Bg7 3. Nc3 c6 4. Nf3 d6 5. h3 b5 6. Bd3 Nd7 7. O-O a6 8. a4 Bb7
9. axb5 cxb5 10. Ne2 Ngf6 11. e5 Nd5 12. e6 fxe6 13. Ng5 Nf8 14. Nf4 Nxf4 15.
Bxf4 Qd7 16. c3 h6 17. Nf3 Bf6 18. Nd2 e5 19. Be3 exd4 20. cxd4 Kf7 21. f4 Kg7
22. Ne4 Nh7 23. f5 g5 24. Qg4 Bxe4 25. Bxe4 d5 26. Bc2 a5 27. Qh5 Rhc8 28. Qg6+
Kh8 29. Bd3 a4 30. Qxh6 a3 31. bxa3 Rc3 32. Rfd1 Raxa3 33. Rxa3 Rxa3 34. Qh5 b4
35. Kh1 b3 36. Rb1 Qc8 37. Qd1 Qb8 38. Bc1 Ra4 39. Rxb3 Qa7 40. Qh5 Qa8 41. Bb2
Ra7 42. Bb5 Ra1+ 43. Bxa1 Qxa1+ 44. Kh2 Qxd4 45. Qe8+ Kg7 1/2-1/2

[Event "28.Schlosspark-Open"]
[Site "Wiesbaden-Biebrich"]
[Date "2016.08.26"]
[Round "3.3"]
[White "Kveinys, Aloyzas"]
[Black "Henrich, David"]
[Result "1-0"]
[WhiteElo "2509"]
[BlackElo "2178"]
[PlyCount "81"]
[EventDate "2016.??.??"]
[WhiteTeam "vereinslos"]
[BlackTeam "SK Niederbrechen"]

1. d4 d6 2. g3 Nf6 3. Nf3 g6 4. Bg2 Bg7 5. O-O O-O 6. c4 Nc6 7. Nc3 Bf5 8. d5
Na5 9. Nd4 Bd7 10. Qd3 c5 11. Nc2 a6 12. Rb1 Rc8 13. b3 b6 14. h3 Ne8 15. e4
Nc7 16. Bd2 Nb7 17. f4 f5 18. Kh2 b5 19. Rbe1 b4 20. Nd1 fxe4 21. Bxe4 Bf5 22.
Nf2 Qd7 23. Ne3 Bxe4 24. Nxe4 Rce8 25. Ng5 e5 26. fxe5 Bxe5 27. Ng4 Bg7 28. Ne4
Kh8 29. Ngf6 Bxf6 30. Nxf6 Rxe1 31. Nxd7 Rexf1 32. Nxf8 Rxf8 33. Bh6 Rf7 34.
Qe2 Kg8 35. g4 Nd8 36. Bg5 Nb7 37. h4 Kg7 38. h5 a5 39. Qe3 Kg8 40. Bh6 Nd8 41.
Qg5 1-0

[Event "28.Schlosspark-Open"]
[Site "Wiesbaden-Biebrich"]
[Date "2016.08.26"]
[Round "3.4"]
[White "Höglauer, Patrick"]
[Black "Poetsch, Hagen"]
[Result "1/2-1/2"]
[WhiteElo "2153"]
[BlackElo "2501"]
[PlyCount "83"]
[EventDate "2016.??.??"]
[WhiteTeam "SC Grunbach"]
[BlackTeam "SF Schöneck"]

1. d4 Nf6 2. c4 b6 3. Nc3 Bb7 4. Nf3 d5 5. cxd5 Nxd5 6. Qc2 Nxc3 7. bxc3 g6 8.
e4 Bg7 9. Bd3 O-O 10. O-O c5 11. d5 Qc7 12. Re1 Nd7 13. Rb1 c4 14. Bf1 e6 15.
Ba3 Rfe8 16. d6 Qc8 17. Rb4 Ba6 18. Nd4 e5 19. Nb5 Bxb5 20. Rxb5 Qc6 21. Rd5
Bf8 22. Red1 b5 23. g3 a5 24. Bh3 Rab8 25. Bc1 Nb6 26. d7 Red8 27. Rxe5 Bg7 28.
Bf4 Bxe5 29. Bxe5 Rb7 30. Qc1 Rbxd7 31. Bxd7 Rxd7 32. Rxd7 Nxd7 33. Bd4 b4 34.
Qg5 b3 35. axb3 cxb3 36. Qxa5 Qxe4 37. Qd8+ Nf8 38. Qf6 Qe1+ 39. Kg2 Qe4+ 40.
Kg1 Qe1+ 41. Kg2 Qe4+ 42. Kg1 1/2-1/2

[Event "28.Schlosspark-Open"]
[Site "Wiesbaden-Biebrich"]
[Date "2016.08.26"]
[Round "3.5"]
[White "Kollars, Dmitrij"]
[Black "Köllner, Christof"]
[Result "1-0"]
[WhiteElo "2483"]
[BlackElo "2130"]
[PlyCount "119"]
[EventDate "2016.??.??"]
[WhiteTeam "Hamburger SK"]
[BlackTeam "SV Bergneustadt/Derschlag"]

1. e4 d6 2. d4 Nf6 3. Nc3 e5 4. Nf3 exd4 5. Nxd4 Be7 6. Be2 O-O 7. Bf4 Re8 8.
Qd2 Nc6 9. O-O-O Nxd4 10. Qxd4 Be6 11. Kb1 Nd7 12. Nd5 Nb6 13. Nxe7+ Qxe7 14.
Bf3 f6 15. h4 Qf7 16. a3 Nd7 17. h5 h6 18. Be2 a6 19. Bc1 b5 20. f4 f5 21. Bf3
Rad8 22. b3 Nf6 23. e5 dxe5 24. Qxd8 Rxd8 25. Rxd8+ Kh7 26. fxe5 Ne4 27. Bb2
Ng3 28. Rhd1 Nxh5 29. Ra8 Ng3 30. Rdd8 Kg6 31. Bc6 Kg5 32. Rf8 Qe7 33. Rfe8 Qf7
34. Rf8 Qe7 35. Rfe8 Qf7 36. Rxa6 Bd7 37. Rd8 Be6 38. Bxb5 Ne4 39. Rc6 Bd5 40.
Rd7 Qg8 41. Rcxc7 g6 42. Rg7 Qb8 43. a4 Ng3 44. e6 Bxe6 45. Rc6 Nh5 46. Rxe6
Nxg7 47. Bxg7 Qg8 48. Bf6+ Kg4 49. Re2 Qd5 50. Bc4 Qc5 51. Bc3 g5 52. a5 h5 53.
a6 h4 54. Kb2 h3 55. gxh3+ Kxh3 56. Re5 Qf2 57. Ra5 g4 58. a7 g3 59. a8=Q g2
60. Ra1 1-0

[Event "28.Schlosspark-Open"]
[Site "Wiesbaden-Biebrich"]
[Date "2016.08.26"]
[Round "3.6"]
[White "Bösch, Udo"]
[Black "Carlstedt, Jonathan"]
[Result "1/2-1/2"]
[WhiteElo "2101"]
[BlackElo "2450"]
[PlyCount "74"]
[EventDate "2016.??.??"]
[WhiteTeam "SK Ebringen"]
[BlackTeam "Hamburger SK"]

1. d4 Nf6 2. Nf3 e6 3. g3 b5 4. Bg2 Bb7 5. O-O Be7 6. b3 O-O 7. Bb2 c5 8. Nbd2
d5 9. c4 dxc4 10. bxc4 b4 11. dxc5 Nbd7 12. a3 bxa3 13. Bxa3 Nxc5 14. Nb3 Nfe4
15. Qc2 Qc7 16. Nxc5 Bxc5 17. Bxc5 Nxc5 18. Ng5 f5 19. Bxb7 Qxb7 20. Ra5 Rfc8
21. Qc3 Qc7 22. Rfa1 h6 23. Nf3 a6 24. R5a3 Ne4 25. Qe5 Qxc4 26. Nd4 Re8 27.
Ra4 Qc8 28. Ra5 Ng5 29. h4 Nf7 30. Qc5 Qb7 31. Qc6 Qb2 32. Rxa6 Rac8 33. Qa4
Ne5 34. Ra7 Qb6 35. Ra6 Qb2 36. Ra7 Qb6 37. Ra6 Qb2 1/2-1/2

[Event "28.Schlosspark-Open"]
[Site "Wiesbaden-Biebrich"]
[Date "2016.08.26"]
[Round "3.7"]
[White "Gutman, Lev"]
[Black "Färber, David"]
[Result "1-0"]
[WhiteElo "2439"]
[BlackElo "2115"]
[PlyCount "131"]
[EventDate "2016.??.??"]
[WhiteTeam "SV Lingen"]
[BlackTeam "SV Walldorf"]

1. Nf3 d5 2. g3 Nc6 3. d4 Bf5 4. Bg2 Nb4 5. Na3 e6 6. O-O Nf6 7. c4 h6 8. Bd2
Nc6 9. Qb3 Rb8 10. Nb5 a6 11. cxd5 exd5 12. Nc3 Bb4 13. Rac1 O-O 14. Rfd1 Re8
15. e3 Bxc3 16. Bxc3 Ne7 17. Ba5 Nc6 18. Be1 Ne7 19. Qa3 Ne4 20. Ne5 f6 21. Nd3
c6 22. Bb4 Nc8 23. Ba5 Qd7 24. Nc5 Nxc5 25. dxc5 Bh3 26. Bh1 Bf5 27. Rd4 Be4
28. Bxe4 Rxe4 29. Rxe4 dxe4 30. Qb3+ Qf7 31. Qxf7+ Kxf7 32. Bc7 Ra8 33. Rc4 f5
34. Rb4 Ra7 35. Bb8 a5 36. Rd4 Ra8 37. Rd7+ Ke6 38. Rxb7 Kd5 39. h4 g5 40. hxg5
hxg5 41. g4 fxg4 42. Kg2 Kxc5 43. Be5 Kd5 44. Bd4 Nd6 45. Rg7 Rf8 46. Rxg5+ Rf5
47. Rxg4 a4 48. Rg8 Nb5 49. Bh8 Kc4 50. Ra8 Kd3 51. Kf1 a3 52. bxa3 Rd5 53. Rb8
Nd6 54. Rb3+ Kd2 55. a4 c5 56. Rb6 Nc4 57. Rb3 Nd6 58. Bc3+ Kc2 59. Be1 Rd3 60.
Rb6 Rd1 61. Rc6 Nb7 62. a5 Rd8 63. a6 Nd6 64. Rxc5+ Kd1 65. Rd5+ Kc2 66. a7 1-0

[Event "28.Schlosspark-Open"]
[Site "Wiesbaden-Biebrich"]
[Date "2016.08.26"]
[Round "3.8"]
[White "Flach, Erich"]
[Black "Malek, Daniel"]
[Result "1/2-1/2"]
[WhiteElo "2073"]
[BlackElo "2430"]
[PlyCount "59"]
[EventDate "2016.??.??"]
[WhiteTeam "SK Langen"]
[BlackTeam "SK Zehlendorf"]

1. d4 Nf6 2. c4 e6 3. Nc3 Bb4 4. e3 O-O 5. Nge2 Re8 6. a3 Bf8 7. Ng3 d5 8. Be2
b6 9. O-O Bb7 10. b4 Nbd7 11. Bb2 dxc4 12. Bxc4 c5 13. Qb3 cxd4 14. exd4 Rc8
15. Rac1 Qc7 16. Nd1 Qd6 17. Ne3 g6 18. d5 exd5 19. Bb5 Rxc1 20. Rxc1 Rd8 21.
Qd3 Bg7 22. Nef5 gxf5 23. Nxf5 Qe6 24. Nxg7 Kxg7 25. Qd2 Nf8 26. Re1 Qg4 27. h3
Qh4 28. g3 Qh6 29. Qxh6+ Kxh6 30. Bxf6 1/2-1/2

[Event "28.Schlosspark-Open"]
[Site "Wiesbaden-Biebrich"]
[Date "2016.08.26"]
[Round "3.9"]
[White "Baskin, Robert"]
[Black "Biastoch, Bennet"]
[Result "1-0"]
[WhiteElo "2399"]
[BlackElo "2083"]
[PlyCount "65"]
[EventDate "2016.??.??"]
[WhiteTeam "SV Griesheim"]
[BlackTeam "AE Magdeburg"]

1. e4 c5 2. Nf3 Nc6 3. d4 cxd4 4. Nxd4 Qb6 5. Nb3 Nf6 6. Nc3 e6 7. Qe2 Be7 8.
Be3 Qc7 9. O-O-O d6 10. g4 a6 11. g5 Nd7 12. h4 b5 13. h5 Bb7 14. Bg2 O-O-O 15.
g6 fxg6 16. hxg6 hxg6 17. Qg4 b4 18. Na4 Kb8 19. Qxe6 Rc8 20. Kb1 Rxh1 21. Rxh1
Bf6 22. Qc4 Nce5 23. Qd4 Nc6 24. Qc4 Nce5 25. Qxc7+ Kxc7 26. Na5 Bc6 27. Nxc6
Nxc6 28. Bf1 a5 29. Bc4 Nd4 30. c3 Nc6 31. cxb4 Nxb4 32. a3 Kb7 33. Be6 1-0

[Event "28.Schlosspark-Open"]
[Site "Wiesbaden-Biebrich"]
[Date "2016.08.26"]
[Round "3.10"]
[White "Everett, Elijah"]
[Black "Boidman, Yuri"]
[Result "0-1"]
[WhiteElo "2053"]
[BlackElo "2315"]
[PlyCount "50"]
[EventDate "2016.??.??"]
[WhiteTeam "SF Schöneck"]
[BlackTeam "SC Heimbach-Weis"]

1. e4 d5 2. exd5 Nf6 3. d4 Bg4 4. f3 Bf5 5. g4 Bg6 6. c4 e6 7. Nc3 exd5 8. g5
Ng8 9. Nxd5 Ne7 10. Ne3 Nec6 11. d5 Qxg5 12. dxc6 Qh4+ 13. Ke2 Nxc6 14. Qe1
Nd4+ 15. Kd1 Qe7 16. Qc3 O-O-O 17. Bd2 Qh4 18. Kc1 Bc5 19. a4 Qf2 20. Bh3+ Kb8
21. Nd5 Rhe8 22. b4 Bxb4 23. Qxb4 Re1+ 24. Kb2 Rxa1 25. Ne2 Nc6 0-1

[Event "28.Schlosspark-Open"]
[Site "Wiesbaden-Biebrich"]
[Date "2016.08.26"]
[Round "3.11"]
[White "Grimm, Julius"]
[Black "Kaspereit, Holger"]
[Result "1-0"]
[WhiteElo "2288"]
[BlackElo "2077"]
[PlyCount "105"]
[EventDate "2016.??.??"]
[WhiteTeam "SV Griesheim"]
[BlackTeam "SK Ebringen"]

1. d4 Nf6 2. c4 e5 3. dxe5 Ng4 4. Nf3 Bc5 5. e3 Nc6 6. Be2 O-O 7. Nc3 Ncxe5 8.
Nxe5 Nxe5 9. O-O d6 10. f4 Nc6 11. Na4 Bf5 12. Qd5 Be6 13. Qf3 f5 14. b3 Nd4
15. exd4 Bxd4+ 16. Be3 Bxa1 17. Rxa1 Bd7 18. Nc3 Qf6 19. Qd5+ Kh8 20. Qd4 Rae8
21. Bf3 Bc6 22. Qxf6 Rxf6 23. Kf2 Rfe6 24. Bd4 Bxf3 25. Kxf3 a6 26. Bf2 c6 27.
Rd1 h6 28. h4 Kg8 29. h5 Kf7 30. Rd2 g6 31. hxg6+ Kxg6 32. Ne2 Rd8 33. Nd4 Ree8
34. Rd1 h5 35. Rh1 d5 36. c5 Rh8 37. Rh3 h4 38. Bxh4 Rd7 39. Rg3+ Kf7 40. Nxf5
d4 41. Rg7+ Ke6 42. Rxd7 Kxd7 43. Ke4 Re8+ 44. Kd3 Rf8 45. g4 Ke6 46. Kxd4 Rf7
47. Ke4 Rd7 48. Nd6 Rh7 49. Bg5 b6 50. f5+ Kd7 51. f6 Ke6 52. f7 Rh8 53. Bh6
1-0

[Event "28.Schlosspark-Open"]
[Site "Wiesbaden-Biebrich"]
[Date "2016.08.26"]
[Round "3.12"]
[White "Frey, Thomas"]
[Black "Ehmann, Thilo"]
[Result "1/2-1/2"]
[WhiteElo "2052"]
[BlackElo "2283"]
[Annotator "P,HD"]
[PlyCount "49"]
[EventDate "2016.??.??"]
[WhiteTeam "SV Reutlingen"]
[BlackTeam "SF Sasbach"]

1. e4 c5 2. c3 Qa5 3. Na3 d6 4. Nc4 Qd8 5. f4 b6 6. Nf3 Bb7 7. d3 d5 8. Nce5 a6
9. exd5 f6 10. c4 fxe5 11. fxe5 e6 12. d6 Bxd6 13. exd6 Qxd6 14. d4 Nd7 15. Bg5
Ngf6 16. dxc5 Qxc5 17. Qd4 Qc6 18. O-O-O O-O-O 19. Qd6 Qa4 20. Bf4 e5 21. b3
Qxa2 22. Nxe5 Nc5 23. Qc7+ Kxc7 24. Nd7+ Kc6 {und jetzt Td6+ und Td2, aber es
kam} 25. Ne5+ 1/2-1/2

[Event "28.Schlosspark-Open"]
[Site "Wiesbaden-Biebrich"]
[Date "2016.08.26"]
[Round "3.13"]
[White "Kiese, Matthias"]
[Black "Köllner, Ruben Gideon"]
[Result "1/2-1/2"]
[WhiteElo "2268"]
[BlackElo "2053"]
[PlyCount "73"]
[EventDate "2016.??.??"]
[WhiteTeam "Bochumer SV"]
[BlackTeam "SG Bochum"]

1. d4 d6 2. Nf3 Nf6 3. c4 Nbd7 4. Nc3 e5 5. g3 c6 6. Bg2 Be7 7. O-O O-O 8. e4
a6 9. h3 b5 10. c5 Qc7 11. cxd6 Bxd6 12. dxe5 Nxe5 13. Nxe5 Bxe5 14. f4 Bxc3
15. bxc3 Bb7 16. e5 Nd5 17. Qb3 Rfd8 18. c4 Nb6 19. c5 Nc4 20. Be3 Nd2 21. Bxd2
Rxd2 22. Rad1 Rad8 23. Rxd2 Rxd2 24. Rf2 Qd7 25. Rxd2 Qxd2 26. Kh2 Bc8 27. a3
a5 28. Qf3 Bd7 29. f5 Qd4 30. e6 Be8 31. exf7+ Kxf7 32. Qh5+ Kf8 33. Qxh7 Qxc5
34. Qh8+ Kf7 35. Qh5+ Kf8 36. Qh8+ Kf7 37. Qh5+ 1/2-1/2

[Event "28.Schlosspark-Open"]
[Site "Wiesbaden-Biebrich"]
[Date "2016.08.26"]
[Round "3.14"]
[White "Wiewesiek, Timo"]
[Black "Bauer, Björn-Benny"]
[Result "0-1"]
[WhiteElo "1903"]
[BlackElo "2251"]
[PlyCount "120"]
[EventDate "2016.??.??"]
[WhiteTeam "Schachforum Darmstadt"]
[BlackTeam "SK Gau-Algesheim"]

1. e4 c5 2. Nc3 Nc6 3. Bb5 g6 4. Bxc6 bxc6 5. f4 Bg7 6. Nf3 Nf6 7. d3 O-O 8.
O-O Rb8 9. Qe1 d6 10. b3 Ba6 11. e5 Nd5 12. Nxd5 cxd5 13. Qe3 Qc7 14. c3 d4 15.
cxd4 cxd4 16. Qxd4 Rbd8 17. Qa4 Bxd3 18. Re1 dxe5 19. fxe5 Qb7 20. Ba3 Rd5 21.
Rac1 Bb5 22. Qh4 Re8 23. Bb4 Qd7 24. e6 fxe6 25. Ng5 Rxg5 26. Qxg5 Qd4+ 27. Kh1
Qxb4 28. a3 Bf6 29. axb4 Bxg5 30. Rc5 Bd2 31. Rd1 Bxb4 32. Rxb5 Bd6 33. g3 Rc8
34. Rd2 Rc6 35. Rb7 a5 36. Ra7 Bb4 37. Rd3 Kg7 38. Rf3 Rc2 39. Ra6 Re2 40. Rc6
e5 41. Kg1 e4 42. Rf2 Re3 43. Re6 Rxb3 44. Ra2 e3 45. Kg2 Kf7 46. Re4 Bd2 47.
Kf3 Rb6 48. Rh4 h5 49. Re4 Ke8 50. Ke2 Kd7 51. Kd3 Rd6+ 52. Ke2 Rd5 53. Rb2 e5
54. Rb6 Bc1 55. Rxg6 Rd2+ 56. Kxe3 Rd6+ 57. Kf3 Rxg6 58. Rxe5 Rg5 59. Re4 Ba3
60. Kf4 Rg4+ 0-1

[Event "28.Schlosspark-Open"]
[Site "Wiesbaden-Biebrich"]
[Date "2016.08.26"]
[Round "3.15"]
[White "Henrich, Thomas"]
[Black "Karsay, Pascal"]
[Result "0-1"]
[WhiteElo "2240"]
[BlackElo "2047"]
[PlyCount "102"]
[EventDate "2016.??.??"]
[WhiteTeam "SK Marburg"]
[BlackTeam "Vorw.Orient Mainz"]

1. e4 c5 2. Nf3 e6 3. d4 cxd4 4. Nxd4 a6 5. Bd3 Nf6 6. Nc3 Qc7 7. f4 d6 8. Qf3
Be7 9. Be3 Nbd7 10. O-O-O b5 11. a3 Bb7 12. g4 Nc5 13. g5 Nfd7 14. Kb1 Nb6 15.
f5 g6 16. fxe6 fxe6 17. Rhf1 O-O-O 18. Qh3 Kb8 19. Rf7 e5 20. Nb3 Bc8 21. Qh6
Rd7 22. Qg7 Qd8 23. Na5 Bb7 24. b4 Nba4 25. Nd5 Ne6 26. Qh6 Bf8 27. Rxd7 Qxd7
28. Qh3 Be7 29. Rf1 Bxd5 30. exd5 Nc3+ 31. Kb2 Nxd5 32. Rf7 Qc8 33. Bd2 Nxg5
34. Qg2 e4 35. Bxe4 Nxf7 36. Bxd5 Bf6+ 37. c3 Ne5 38. Qe2 Re8 39. Kb3 Nc4 40.
Qf2 Nxa5+ 41. bxa5 Qc5 42. Qf3 Re5 43. Ba8 Qc7 44. Bd5 Rf5 45. Qe4 Bd8 46. Kc2
Qxa5 47. Qe6 Qc7 48. Bh1 Bg5 49. Bxg5 Rxg5 50. Qe8+ Ka7 51. Qe3+ Rc5 0-1

[Event "28.Schlosspark-Open"]
[Site "Wiesbaden-Biebrich"]
[Date "2016.08.26"]
[Round "3.16"]
[White "Kersten, Uwe"]
[Black "Seickel, Ralf"]
[Result "1-0"]
[WhiteElo "2274"]
[BlackElo "2042"]
[PlyCount "135"]
[EventDate "2016.??.??"]
[WhiteTeam "Kasseler SK"]
[BlackTeam "vereinslos"]

1. d4 Nf6 2. Bg5 c5 3. d5 Qb6 4. Nc3 Qxb2 5. Bd2 Qb6 6. e4 e5 7. Rb1 Qd8 8. f4
d6 9. fxe5 dxe5 10. Nf3 Nbd7 11. Be2 a6 12. a4 b6 13. O-O Bd6 14. Bg5 h6 15.
Bh4 Qc7 16. Nd2 O-O 17. Nc4 Nh7 18. Bg4 Rb8 19. Kh1 Ndf6 20. Bxc8 Rfxc8 21. Ne3
Ne8 22. Qg4 Kh8 23. Qh5 Rb7 24. Qg4 Rcb8 25. Qe2 Ra7 26. Rb3 Bf8 27. Nc4 f6 28.
Rfb1 Rab7 29. Ne3 Ra7 30. Nc4 Rab7 31. h3 Be7 32. Ne3 Ra7 33. Nc4 Rab7 34. Qf1
Nf8 35. Ne3 Ra7 36. Nc4 Nd7 37. Nd1 Rab7 38. Nc3 Ra7 39. R1b2 Nd6 40. Nxd6 Qxd6
41. Qc4 Qc7 42. Rb1 Nf8 43. Nd1 Ng6 44. Bg3 Bd6 45. Ne3 Ne7 46. Qf1 Nc8 47. Bh4
Bf8 48. Nc4 Rab7 49. Qf3 Qd7 50. Nxe5 fxe5 51. Qxf8+ Kh7 52. Bg3 Nd6 53. Qf3
Qe8 54. Qe2 b5 55. axb5 axb5 56. Ra1 b4 57. Ra6 Rb6 58. Rxb6 Rxb6 59. Bf2 Qb5
60. Qg4 Rb7 61. Rg3 Rf7 62. Be3 Qd7 63. Qg6+ Kh8 64. Bxh6 Nxe4 65. Qxe4 gxh6
66. Qxe5+ Kh7 67. d6 Qb5 68. Qe4+ 1-0

[Event "28.Schlosspark-Open"]
[Site "Wiesbaden-Biebrich"]
[Date "2016.08.26"]
[Round "3.17"]
[White "Leck, Gerrit"]
[Black "Spitzl, Vinzent"]
[Result "1/2-1/2"]
[WhiteElo "1916"]
[BlackElo "2238"]
[PlyCount "103"]
[EventDate "2016.??.??"]
[WhiteTeam "SV Lahn Limburg"]
[BlackTeam "SV Griesheim"]

1. e4 c5 2. Nf3 d6 3. d4 cxd4 4. Nxd4 Nf6 5. Nc3 a6 6. Be3 e5 7. Nb3 Be7 8. f3
Be6 9. Qd2 O-O 10. O-O-O a5 11. Kb1 a4 12. Nc1 a3 13. b3 Ra5 14. Bb5 Qc7 15. b4
Ra8 16. Nd5 Nxd5 17. exd5 Bf5 18. g4 Bg6 19. h4 Rc8 20. Nd3 Nd7 21. h5 Bxd3 22.
Qxd3 e4 23. fxe4 Ne5 24. Qd2 Nxg4 25. Bd4 h6 26. c4 Bg5 27. Qe2 Nf6 28. Rdg1
Qe7 29. Re1 Bf4 30. Qd3 Be5 31. Re2 Nh7 32. Rc1 Ng5 33. Rf1 f6 34. Ka1 Nf7 35.
Rc2 Ng5 36. Re2 b6 37. Kb1 Bxd4 38. Qxd4 Qe5 39. Qd3 Rc7 40. Rf5 Qe7 41. Qd4
Rb8 42. Qe3 Ra7 43. Kc2 Nf7 44. Kb3 Ne5 45. Rg2 Kh8 46. Qd4 Qc7 47. Rf1 Qf7 48.
Rf5 Qe7 49. Re2 Kh7 50. Rf1 Rc7 51. Kxa3 Rbc8 52. Rc2 1/2-1/2

[Event "28.Schlosspark-Open"]
[Site "Wiesbaden-Biebrich"]
[Date "2016.08.26"]
[Round "3.18"]
[White "Ruppert, Wolfgang"]
[Black "Büse, Ralf"]
[Result "1-0"]
[WhiteElo "2178"]
[BlackElo "1911"]
[PlyCount "55"]
[EventDate "2016.??.??"]
[WhiteTeam "SC Flörsheim"]
[BlackTeam "SC Ladja Rossdorf"]

1. e4 e6 2. d4 d5 3. Nd2 Nf6 4. e5 Nfd7 5. Bd3 c5 6. c3 Nc6 7. Ne2 cxd4 8. cxd4
f6 9. exf6 Nxf6 10. Nf3 Bd6 11. O-O O-O 12. Bf4 Bxf4 13. Nxf4 Ne4 14. Qc1 Qf6
15. Nh5 Qf7 16. Ng3 Nxg3 17. hxg3 Qf6 18. Qe3 Bd7 19. a3 h6 20. b4 a6 21. Rac1
Na7 22. Ne5 Qd8 23. Bb1 Bb5 24. Rfe1 Rc8 25. a4 Bxa4 26. Qd3 Rf5 27. Qa3 Rxc1
28. Rxc1 1-0

[Event "28.Schlosspark-Open"]
[Site "Wiesbaden-Biebrich"]
[Date "2016.08.26"]
[Round "3.19"]
[White "Chernykh, Arkady"]
[Black "Heinemann, Ernst"]
[Result "1/2-1/2"]
[WhiteElo "1900"]
[BlackElo "2177"]
[PlyCount "117"]
[EventDate "2016.??.??"]
[WhiteTeam "Karlsruher SF"]
[BlackTeam "SK Oldenburg"]

1. d4 Nf6 2. Nf3 c5 3. d5 d6 4. Nc3 e5 5. e4 Be7 6. Bb5+ Nbd7 7. Be3 a6 8.
Bxd7+ Bxd7 9. a4 b5 10. axb5 axb5 11. Nd2 O-O 12. O-O b4 13. Ne2 Bb5 14. Re1
Ng4 15. Ng3 Nxe3 16. Rxe3 Rxa1 17. Qxa1 Bg5 18. Qe1 Bxe3 19. Qxe3 g6 20. f4 Qf6
21. f5 Qh4 22. Kf2 Qf4+ 23. Qxf4 exf4 24. Ne2 Ra8 25. c4 bxc3 26. Nxc3 Bd3 27.
fxg6 hxg6 28. Kf3 g5 29. h4 gxh4 30. Kxf4 Rb8 31. e5 Rb4+ 32. Ke3 Bf5 33. exd6
Rxb2 34. Nce4 Kf8 35. Nxc5 Ke8 36. Nf3 Rxg2 37. Nxh4 Rc2 38. Nxf5 Rxc5 39. Kd4
Rc1 40. Ke5 Rg1 41. Kd4 Rg6 42. Ke5 Kd7 43. Kf4 f6 44. Ne3 Rg5 45. Nf5 Rg1 46.
Ke3 Rf1 47. Ke4 Rf2 48. Ne3 Kxd6 49. Nf5+ Kd7 50. Nd4 Rf1 51. Nf5 Rf2 52. Nd4
Kd6 53. Nf5+ Kc5 54. Ne3 Re2 55. Kd3 Re1 56. Ke4 Re2 57. Kd3 Rf2 58. Ke4 Kd6
59. Nf5+ 1/2-1/2

[Event "28.Schlosspark-Open"]
[Site "Wiesbaden-Biebrich"]
[Date "2016.08.26"]
[Round "3.20"]
[White "Poghosyan, Tigran"]
[Black "Köllner, Aaron Noah"]
[Result "0-1"]
[WhiteElo "2088"]
[BlackElo "1819"]
[PlyCount "78"]
[EventDate "2016.??.??"]
[WhiteTeam "Lübecker SV"]
[BlackTeam "SV Bergneustadt/Derschlag"]

1. e4 c5 2. Nf3 Nf6 3. Nc3 d5 4. exd5 Nxd5 5. Bc4 Nb6 6. Be2 Nc6 7. O-O g6 8.
Bb5 Bd7 9. Ne4 Nd4 10. Re1 Ne6 11. Bxd7+ Qxd7 12. Nfg5 c4 13. Qg4 f5 14. Qh3
Nxg5 15. Nxg5 Bg7 16. Ne6 Bf6 17. d3 cxd3 18. cxd3 Nd5 19. Qf3 Nb4 20. Qe2 Rc8
21. Rd1 Rc2 22. Bd2 Nxd3 23. Rab1 Nxb2 24. Nf4 Nxd1 25. Rxd1 Qd6 26. Qb5+ Kf8
27. Nd3 Qc6 28. Qa5 Kf7 29. Bg5 Qb6 30. Qd5+ Kg7 31. Be3 Qc6 32. Qa5 Qc4 33.
Nf4 Rxa2 34. Qe1 Kf7 35. Rc1 Qb3 36. h3 Rd8 37. Kh2 Rc2 38. Rb1 Rb2 39. Rc1 g5
0-1

[Event "28.Schlosspark-Open"]
[Site "Wiesbaden-Biebrich"]
[Date "2016.08.26"]
[Round "3.21"]
[White "Leidorf, Sebastian"]
[Black "Stuhlmann, Florian"]
[Result "1-0"]
[WhiteElo "2097"]
[BlackElo "1850"]
[PlyCount "81"]
[EventDate "2016.??.??"]
[WhiteTeam "SV Bergwinkel"]
[BlackTeam "SC Lindenholzhausen"]

1. c4 e6 2. g3 d5 3. Bg2 Nf6 4. Nf3 g6 5. b3 Nbd7 6. Bb2 Bg7 7. O-O O-O 8. d3
c5 9. cxd5 exd5 10. d4 Ne4 11. Nc3 Nxc3 12. Bxc3 b6 13. Rc1 cxd4 14. Nxd4 Bb7
15. Nc6 Qg5 16. h4 Qg4 17. Ne7+ Kh8 18. Bxg7+ Kxg7 19. Nxd5 Rab8 20. Rc7 Bxd5
21. Qxd5 Nf6 22. Qf3 a5 23. Qxg4 Nxg4 24. Rd1 Rfd8 25. Bd5 Nh6 26. e4 Rbc8 27.
Rdc1 Rxc7 28. Rxc7 Rd6 29. f3 Kf8 30. Kf2 Ke8 31. Ke3 Nf5+ 32. Kf4 Ne7 33. Ke5
Rd8 34. g4 Nxd5 35. exd5 h6 36. g5 hxg5 37. hxg5 Kf8 38. d6 Re8+ 39. Kd5 a4 40.
d7 Rd8 41. Kd6 1-0

[Event "28.Schlosspark-Open"]
[Site "Wiesbaden-Biebrich"]
[Date "2016.08.26"]
[Round "3.22"]
[White "Neukirchner, Pascal"]
[Black "Barg, Harald"]
[Result "1-0"]
[WhiteElo "2082"]
[BlackElo "1820"]
[PlyCount "55"]
[EventDate "2016.??.??"]
[WhiteTeam "SK Gründau"]
[BlackTeam "SK Schwäbisch Hall"]

1. Nf3 d5 2. g3 Nf6 3. Bg2 c5 4. O-O Nc6 5. c4 d4 6. d3 e5 7. b4 cxb4 8. Bb2
Bc5 9. Nbd2 Qd6 10. Ng5 Bf5 11. Qa4 O-O 12. Rfb1 Rfc8 13. a3 a5 14. axb4 Bxb4
15. Ba3 Ra7 16. Bxc6 Bxa3 17. Bxb7 Rb8 18. Rxa3 Raxb7 19. Rxb7 Rxb7 20. Qxa5 h6
21. c5 Qc7 22. Qxc7 Rxc7 23. Ra8+ Bc8 24. Nge4 Ne8 25. Nc4 Kh7 26. Ned6 Nxd6
27. cxd6 Rc6 28. Ra7 1-0

[Event "28.Schlosspark-Open"]
[Site "Wiesbaden-Biebrich"]
[Date "2016.08.26"]
[Round "3.23"]
[White "Sefeloge, Michael"]
[Black "Rolf, Marco"]
[Result "1/2-1/2"]
[WhiteElo "1846"]
[BlackElo "2058"]
[PlyCount "108"]
[EventDate "2016.??.??"]
[WhiteTeam "SV Lahnstein"]
[BlackTeam "SK Bad Homburg"]

1. d4 d5 2. c4 c6 3. Nc3 dxc4 4. e4 b5 5. a4 b4 6. Na2 e5 7. Nf3 exd4 8. Qxd4
Qxd4 9. Nxd4 Ba6 10. Bf4 Nf6 11. f3 Bc5 12. Nf5 O-O 13. Bd6 Bxd6 14. Nxd6 c5
15. Bxc4 Bxc4 16. Nxc4 Nc6 17. Rd1 Rfd8 18. Kf2 Rd4 19. Rxd4 Nxd4 20. Rd1 Rd8
21. Nc1 Nd7 22. Ne2 Ne6 23. f4 Nb8 24. Rxd8+ Nxd8 25. Ke3 Kf8 26. Nc1 Ke7 27.
Nb3 Nd7 28. e5 Ke6 29. g4 Kd5 30. Kd3 g5 31. Ne3+ Ke6 32. Ke4 gxf4 33. Kxf4 Nc6
34. Nc4 Kd5 35. Nbd2 Ndxe5 36. Ne3+ Ke6 37. Ke4 Na5 38. h3 c4 39. Kd4 Nac6+ 40.
Kc5 c3 41. bxc3 bxc3 42. Ndc4 Kd7 43. Nxe5+ Nxe5 44. Kd4 Nf3+ 45. Kxc3 Kc6 46.
Nf5 Ng5 47. Nh6 Nxh3 48. Nxf7 Kb6 49. Kb4 Nf2 50. g5 Ne4 51. a5+ Kc6 52. Ne5+
Kd5 53. g6 hxg6 54. Nxg6 Kc6 1/2-1/2

[Event "28.Schlosspark-Open"]
[Site "Wiesbaden-Biebrich"]
[Date "2016.08.26"]
[Round "3.24"]
[White "Klebs, Sebastian"]
[Black "Zimmer, Gerald"]
[Result "0-1"]
[WhiteElo "1836"]
[BlackElo "1939"]
[PlyCount "62"]
[EventDate "2016.??.??"]
[WhiteTeam "Karlsruher SF"]
[BlackTeam "SC Bergen-Enkheim"]

1. e4 e6 2. d4 d5 3. e5 c5 4. c3 Qb6 5. Nf3 Nc6 6. Bd3 cxd4 7. cxd4 Nb4 8. Be2
Bd7 9. a3 Nc6 10. Nc3 Na5 11. b4 Nc4 12. Bxc4 dxc4 13. d5 exd5 14. Nxd5 Qd8 15.
Bg5 Be7 16. Nxe7 Nxe7 17. Qd6 h6 18. Bxe7 Qxe7 19. Qxe7+ Kxe7 20. Nd4 Rhd8 21.
O-O-O b5 22. f4 g6 23. h3 a5 24. bxa5 Rxa5 25. Kb2 Rc8 26. Rc1 Ra4 27. Rhe1 c3+
28. Rxc3 Rxd4 29. g3 Rd2+ 30. Kb3 Be6+ 31. Kb4 Rb2+ 0-1